Представление документа в формате RUSMARC

ПолеНазваниеЗначение
  Тип записи a
  Библиографический уровень m
001 Контрольный номер d09c25193b9543149e3ad55e43250079
005 Дата корректировки 20140617154636.0
010 Индекс ISBN __
a ISBN 5-94723-766-0
200 Заглавие и сведения об ответственности 1_
a Заглавие Брендинг:новые технологии в России
f Первые сведения об ответственности Домнин Владимир Николаевич
205 Сведения об издании __
b Дополнительные сведения об издании 2-е изд.
210 Выходные данные 1_
a Место издания СПб.
c Издательство Питер
d Дата издания 2004
215 Физическое описание __
a Объем 380 с.
225 Серия 2_
a Серия Маркетинг для профессионалов
610 Ключевые слова 0_
a Ключевые слова бренд
610 Ключевые слова 0_
a Ключевые слова брендинг
610 Ключевые слова 0_
a Ключевые слова товарный знак
610 Ключевые слова 0_
a Ключевые слова товарная марка
610 Ключевые слова 0_
a Ключевые слова маркетинг
610 Ключевые слова 0_
a Ключевые слова марочный капитал
610 Ключевые слова 0_
a Ключевые слова реклама товаров
610 Ключевые слова 0_
a Ключевые слова российский бренд
686 Индексы других классификаций __
a Классификационный индекс 65.050.8
2 Код системы rubbk
686 Индексы других классификаций __
a Классификационный индекс 65.9(2)421-803.8
2 Код системы rubbk
700 Автор _1
a Фамилия Домнин Владимир Николаевич
801 Источник записи _0
a Страна RU
b Организация РУК
c Дата составления 20040422
g Правила каталогизации PSBO
801 Источник записи _1
a Страна RU
b Организация РУК
c Дата составления 20040422
g Правила каталогизации PSBO
852 Данные о местонахождении __
i Авторский знак Д66
j Шифр хранения ББК 67
901 Тип документа __
t Тип документа m
938 Служебная информация __
a Название организации Головной вуз
b Имя БД BOOK
c Название АИБС АИБС ИРБИС